| 000 | 01006cam a2200289 a 4500 | ||
|---|---|---|---|
| 008 | |||
| 020 | _a0815142307 (pbk. ) | ||
| 049 | _aMAIN | ||
| 090 |
_aRJ370 _bHAZ |
||
| 100 | 1 | _aHazinski, Mary Fran. | |
| 245 | 1 | 0 |
_aManual of pediatric critical care / _cMary Fran Hazinski. |
| 260 |
_aSt. Louis : _bMosby, _cc1999. |
||
| 300 |
_axii, 688 p. : _bill. ; _c23 cm. |
||
| 500 | _aIncludes index. | ||
| 504 | _aIncludes bibliographical references. | ||
| 650 | 0 |
_aPediatric intensive care _xHandbooks, manuals, etc. |
|
| 650 | 0 |
_aPediatric nursing _xHandbooks, manuals, etc. |
|
| 650 | 0 |
_aIntensive care nursing _xHandbooks, manuals, etc. |
|
| 650 | 1 | 2 |
_aCritical Care _xin infancy & childhood _vhandbooks. |
| 650 | 1 | 2 |
_aNursing Care _xin infancy & childhood _vhandbooks. |
| 730 | 0 | _aNursing care of the critically ill child. | |
| 907 |
_a.b10303479 _b22-11-11 _c16-11-11 |
||
| 003 | |||
| 005 | 20230120204106.0 | ||
| 040 | _cNUST | ||
| 942 |
_cBOOKS _kRJ370 _mHAZ |
||
| 999 |
_c116949 _d116949 |
||